000 00833nam a2200265 a 4500
001 ASIN9264186883
003 Nust- CAS-E
005 20180118181355.0
008 140217s2001 xxu eng d
020 _a9264186883
_c$100.00
020 _a9789264186880
040 _c0
050 0 4 _aHD9502.A2
082 0 4 _a330
_bINT 2001
110 0 _4internation energy agency
245 1 0 _aToward a sustainable energy future /
_cIea.
260 _aParis
_bOrganization for Economic,
_c2001.
300 _a256 p. ;
_c23 cm.
650 0 _aEnergy consumption--Economic aspects
650 0 _aEnergy consumption--Environmental aspects
650 0 _aRenewable energy sources
650 0 _aSustainable development
856 4 0 _3Amazon.com
_uhttp://www.amazon.com/exec/obidos/ASIN/9264186883/chopaconline-20
942 _2ddc
_cBK
999 _c355250
_d355250